| 000 | 00516nam a22001817a 4500 | ||
|---|---|---|---|
| 003 | CEME | ||
| 005 | 20210628205500.0 | ||
| 008 | 210305b xxu||||| |||| 00| 0 eng d | ||
| 020 | _a0-7167-2581-9 | ||
| 040 | _c. | ||
| 082 | _a530 GEL'Q | ||
| 100 |
_aGell-Mann, Murray _98884 |
||
| 245 | _aThe quark and the jaguar adventures in the simple and the complex | ||
| 260 |
_aNEWYORK _bW. H. FREEMAN _c1994 |
||
| 300 | _a392P | ||
| 650 |
_aGELL-MANN MURRAY QUARK-ELEMENTARY PARTICLE PHYSICS _975753 |
||
| 942 |
_cBK _2ddc |
||
| 999 |
_c581145 _d581145 |
||